| 000 | 00930nam a22001817a 4500 | ||
|---|---|---|---|
| 999 |
_c59366 _d59366 |
||
| 003 | Ge_BSU | ||
| 005 | 20230131112445.0 | ||
| 008 | 230131s2003 ge ||||| |||| 00| 0 geo d | ||
| 041 | _ageo | ||
| 080 | _a342.9(100) ა-26 | ||
| 100 |
_aადეიშვილი, ზურაბ _915837 |
||
| 245 |
_aსაზღვარგარეთის ქვეყნების ადმინისტრაციული სამართლის მიმოხილვა / _c ზურაბ ადეიშვილი, ლევან სამხარაული. |
||
| 264 |
_aთბილისი, _c2003. |
||
| 300 |
_a248 გვ. ; _b20 სმ. |
||
| 653 | _aსაზღვარგარეთის ქვეყნების ადმინისტრაციული სამართალი | ||
| 700 |
_aსამხარაული, ლევან _eავტორი _916827 |
||
| 942 |
_2udc _cBK |
||